Escuela Normal Superior : 90º aniversario.

Acto conmemorativo del 90º aniversario de la Escuela Normal Superior.

Guardado en:
Autor Corporativo: Escuela Normal Superior.
Formato: Deslizar
Publicado: Bahía Blanca, 1996.
Materias:
Etiquetas: Agregar Etiqueta
Sin Etiquetas, Sea el primero en etiquetar este registro!
LEADER 00822ngm a22002415g 4500
001 CEM.cems022256
008 130507s1996####ag############0###0#####d
005 20241014205022.0
245 0 0 |a Escuela Normal Superior :  |b 90º aniversario. 
260 |a Bahía Blanca,  |c 1996. 
300 |a 38'. 
500 |a En soporte VHS, consultar en ventanilla. 
520 |a Acto conmemorativo del 90º aniversario de la Escuela Normal Superior. 
538 |a Soporte: VHS - Norma: Pal N - Color - Grabación DRD 1996 - Hitachi=3798 
110 2 |a Escuela Normal Superior. 
082 3 7 |/ DRD-2 
653 |a EDUCACION 
653 |a ESCUELA NORMAL SUPERIOR 
653 |a ANIVERSARIO 
653 |a ACTO 
653 |a NIVEL PRIMARIO 
653 |a NIVEL SECUNDARIO 
859 |a CEMS  |b BIB. CEMS - Depto. Recursos Didacticos  |h 370  |i DRD-2  |k DRD  |p 899.12  |t Ej.1